Statistics for Countries With Most Ukrainian Refugees

Click here to take the quiz!

General Stats

  • This quiz has been taken 86 times
  • The average score is 18 of 21

Answer Stats

NumberAnswer% Correct
1.469 millionPoland
100%
138 thousandUnited Kingdom
98%
1.008 millionGermany
97%
171 thousandItaly
95%
2.852 millionRussia
95%
87 thousandRomania
94%
144 thousandSpain
92%
118 thousandFrance
90%
145 thousandTurkey
90%
448 thousandCzech Republic
89%
85 thousandAustria
86%
46 thousandIreland
86%
52 thousandPortugal
86%
68 thousandSwitzerland
86%
99 thousandSlovakia
84%
95 thousandMoldova
83%
76 thousandNetherlands
83%
58 thousandBelgium
81%
63 thousandLithuania
81%
77 thousandBulgaria
78%
61 thousandEstonia
75%

Score Distribution

Percentile by Number Answered

Percent of People with Each Score

Your Score History

You have not taken this quiz